Movie Villains - Statistics

General Stats
  • This quiz has been taken 57 times
    3 since last reset
  • The average score is 81 of 181
Answer Stats
Picture Answer % Correct
Darth Vader
100%
Green Goblin
100%
Kang The Conqueror
100%
Killmonger
100%
Loki
100%
Lord Voldemort
100%
Magneto
100%
Patrick Bateman
100%
Pennywise
100%
Sandman
100%
Scar
100%
Thanos
100%
The Joker
100%
The Terminator
100%
Abomination
67%
Agent Smith
67%
Alexander Pierce
67%
Bane
67%
Baron Zemo
67%
Bellatrix Lestrange
67%
Bowser
67%
Captain Hook
67%
Chucky
67%
Colonel Miles Quaritch
67%
Commodus
67%
Count Dooku
67%
Count Orlok
67%
Davy Jones
67%
Doctor Octopus
67%
Dr. Eggman
67%
Dr. Evil
67%
Ego
67%
Electro
67%
Emperor Palpatine
67%
Freddy Krueger
67%
General Grievous
67%
General Zod
67%
Ghostface
67%
Gollum
67%
Gorr The God Butcher
67%
Hannibal Lecter
67%
Hans Gruber
67%
Hans Landa
67%
Harley Quinn
67%
High Evolutionary
67%
Iron Monger
67%
Ivan Drago
67%
Jigsaw
67%
Kylo Ren
67%
Leader
67%
Lord Farquaad
67%
Malekith
67%
Michael Myers
67%
Mysterio
67%
Mystique
67%
Peter Pettigrew
67%
Poison Ivy
67%
Predator
67%
President Snow
67%
Prince Charming
67%
Red Hulk
67%
Red Skull
67%
Ronan The Accuser
67%
Saruman
67%
Sauron
67%
Scarlet Witch
67%
Smaug
67%
Syndrome
67%
Tai Lung
67%
The Lizard
67%
The Penguin
67%
The Riddler
67%
Two-Face
67%
Ultron
67%
Venom
67%
Vulture
67%
Whiplash
67%
Xenomorph
67%
Xerxes
67%
Alonzo Harris
33%
Amon Goeth
33%
Anton Chigurh
33%
AUTO
33%
Balthazar Bratt
33%
Belle Bottom
33%
Biff Tannen
33%
Big Jack Horner
33%
Calvin Candie
33%
Chantel DuBois
33%
Charles Muntz
33%
Chick Hicks
33%
Darla Dimple
33%
Dave
33%
Death
33%
Dennis Nedry
33%
Doctor Facilier
33%
El Macho
33%
Evil Queen
33%
Fairy Godmother
33%
Feathers McGraw
33%
Gaston
33%
General Mandible
33%
Governor Ratcliffe
33%
Gozer
33%
Hades
33%
HAL 9000
33%
Hexxus
33%
Humpty Dumpty
33%
Jackson Storm
33%
Jack Torrance
33%
Jafar
33%
James “Clubber” Lang
33%
Jason Voorhees
33%
Jenner
33%
Judge Claude Frollo
33%
Kai
33%
Koba
33%
Leatherface
33%
Lord Business
33%
Lord Shen
33%
Lotso
33%
Makunga
33%
Maleficent
33%
Maxime Le Mal
33%
Megatron
33%
Mr. Freeze
33%
Nome King
33%
Norman Bates
33%
Nurse Ratched
33%
Pitch Black
33%
Prince John
33%
Professor Marmalade
33%
Proximus Caesar
33%
Queen Of Hearts
33%
Rex Dangervest
33%
Rumpelstiltskin
33%
Scarlet Overkill
33%
Screenslaver
33%
Shan Yu
33%
Spot
33%
Stripe
33%
The Chameleon
33%
Ursula
33%
Vector
33%
Victor Quartermaine
33%
Warren T. Rat
33%
Wet Bandits
33%
White Witch
33%
Wicked Witch
33%
Buffalo Bill
0%
Butch Cavendish
0%
Daniel Cleaver
0%
Dark Helmet
0%
Deebo
0%
Dementus
0%
Feyd-Rautha
0%
Ian Hawke
0%
Isaac Chroner
0%
Jim “Job” Phelps
0%
John “Ace” Merrill
0%
John Kreese
0%
King Edward I
0%
Lyutsifer Safin
0%
M3GAN
0%
Marselus Wallace
0%
Miles Axelrod
0%
Mr. Electric
0%
Mr. Glass
0%
Mrs. Carmody
0%
Norman Stansfield
0%
Regina George
0%
Skar King
0%
Stuntman Mike
0%
Terence Fletcher
0%
Tex
0%
The Fratelli‘s
0%
The Grabber
0%
The Invisible Man
0%
Van Pelt
0%
Vigo The Carpathian
0%
William Wharton
0%
No matching quizzes found
Score Distribution
Percent of People with Each Score
Percentile by Number Answered
Your Score History
You have not taken this quiz since the last reset